| 000 | 01078nas a2200301 a 4500 | ||
|---|---|---|---|
| 999 |
_c7509 _d7509 |
||
| 003 | BD - Jhcc | ||
| 005 | 20191214132456.0 | ||
| 008 | 860101d19uu1959enkar p 0 a0eng d | ||
| 035 | _aBD - Jhcc | ||
| 040 |
_aEQO _cEQO _dBD-JhCC |
||
| 041 | _aeng | ||
| 082 |
_bSEC 1983 _a370 |
||
| 245 | 0 | 0 |
_aSecondary education / _cDavid G. Armstrong, tom V. Savage |
| 246 | 3 | 0 | _aSecondary education in England and Wales |
| 246 | 1 | _aPercentage of 13 year-olds receiving seconday education in different types of school according to their area of residence | |
| 260 |
_aNew York : _bMacmillan Publication Co., _c1983. |
||
| 300 |
_a478 p. : _c28 cm. |
||
| 490 | 1 | _aList 69 | |
| 500 | _aDescription based on: 1956. | ||
| 500 | _aTitle from cover. | ||
| 550 | _aIssued by: Ministry of Education. | ||
| 650 | 0 |
_aEducation, Secondary _zGreat Britain _vStatistics _vPeriodicals. |
|
| 710 | 1 |
_aGreat Britain. _bMinistry of Education. |
|
| 785 | 0 | 0 |
_tSecondary education in each local education authority area _w(UkOxU)016162823 |
| 830 | 0 | _aList 69 | |
| 942 |
_2ddc _cBK |
||